00360 a2200109 450000100060000008200110000610000270001724501190004426000340016330000300019750000230022788093 aPR 332 aNoman Fasihullah, 2990 aTo develop a JAVA applet for flow demonstration in converging-diverging nozzle without boundary layer and friction aRisalpurbNUST Risalpurc2004 aviii, 45p.eAbid Ali Khan aBE Project Reports